00515nam a2200121Ia 4500008004100000100002100041245012100062245009100183260004900274260000900323650001300332856004800345170221s9999 xx 000 0 und d aUchenna N. Akpom aDeterminants of auditor independence: a comparison of the perceptions of auditors and non-auditors in Lagos, Nigeria cUchenna N. Akpom, Tarrant County College; Young O. Dimkpah, Virginia State University. bJournal of Management and Marketing Research c2014 xBusiness uhttp://www.aabri.com/manuscripts/131506.pdf